00505cam a2200169 a 4500041000800000082001600008100002100024245003900045250002100084260004000105300001800145650002400163650002000187942000700207952010400214999001700318 aENG a270.82bSNA1 aSnaitang, O. L.,12aA history of ecumenical movement : a[3rd repr. ed.]. aBangalore :bBTESSC, SATHRI,c2007. axii, 248 p. ; 0aEcumenical movement 0aChristian union cBK 00104070aHMIbHMIcGENd2023-07-11l1o270.82 SNAp24890r2025-11-06s2025-10-23w2023-07-11yBK c23325d23325